Evaluation Of Prevailing Hospital Waste Management Practices and Their Improvement: (Record no. 174568)
[ view plain ]
| 000 -LEADER | |
|---|---|
| fixed length control field | 00776nam a22002297a 4500 |
| 003 - CONTROL NUMBER IDENTIFIER | |
| control field | Nust |
| 005 - DATE AND TIME OF LATEST TRANSACTION | |
| control field | 20241028154909.0 |
| 008 - FIXED-LENGTH DATA ELEMENTS--GENERAL INFORMATION | |
| fixed length control field | 170201b xxu||||| |||| 00| 0 eng d |
| 040 ## - CATALOGING SOURCE | |
| Transcribing agency | 0 |
| 050 ## - LIBRARY OF CONGRESS CALL NUMBER | |
| Classification number | 200 |
| 082 ## - DEWEY DECIMAL CLASSIFICATION NUMBER | |
| Classification number | 200 |
| 100 ## - MAIN ENTRY--PERSONAL NAME | |
| Personal name | Siddiqui,Erum Wahab |
| 9 (RLIN) | 126534 |
| 245 ## - TITLE STATEMENT | |
| Title | Evaluation Of Prevailing Hospital Waste Management Practices and Their Improvement: |
| Remainder of title | A Case Study/ |
| Statement of responsibility, etc. | Erum Wahab Siddiqui |
| 260 ## - PUBLICATION, DISTRIBUTION, ETC. | |
| Place of publication, distribution, etc. | Rawalpindi |
| Name of publisher, distributor, etc. | IESE (SCEE) NUST |
| Date of publication, distribution, etc. | 1999. |
| 300 ## - PHYSICAL DESCRIPTION | |
| Extent | 127 p. |
| Other physical details | HB. |
| 440 ## - SERIES STATEMENT/ADDED ENTRY--TITLE | |
| Title | MS Environmental Engineering |
| 9 (RLIN) | 1549 |
| 610 ## - SUBJECT ADDED ENTRY--CORPORATE NAME | |
| General subdivision | MS Environmental Engineering |
| 9 (RLIN) | 126535 |
| 650 ## - SUBJECT ADDED ENTRY--TOPICAL TERM | |
| Topical term or geographic name entry element | Environmental Engineering |
| 9 (RLIN) | 1550 |
| 700 ## - ADDED ENTRY--PERSONAL NAME | |
| Relator code | Supervisor:Dr. Ishtiaq A Qazi |
| 856 ## - ELECTRONIC LOCATION AND ACCESS | |
| Uniform Resource Identifier | <a href=" http://10.250.8.41:8080/xmlui/handle/123456789/35596"> http://10.250.8.41:8080/xmlui/handle/123456789/35596</a> |
| 942 ## - ADDED ENTRY ELEMENTS (KOHA) | |
| Source of classification or shelving scheme | |
| Koha item type | Soft Copy |
| Withdrawn status | Lost status | Source of classification or shelving scheme | Damaged status | Not for loan | Collection code | Permanent Location | Current Location | Shelving location | Date acquired | Total Checkouts | Full call number | Barcode | Date last seen | Price effective from | Koha item type |
|---|---|---|---|---|---|---|---|---|---|---|---|---|---|---|---|
| Central Library (CL) | Central Library (CL) | Thesis | 12/26/2022 | 200 | CL-T-6470 | 12/26/2022 | 12/26/2022 | Soft Copy | |||||||
| Not For Loan | Institute of Environmental Science and Engineering (IESE) | Institute of Environmental Science and Engineering (IESE) | Thesis | 02/01/2017 | 628 SID | IESE-T-13 | 02/01/2017 | 02/01/2017 | Thesis |
